000 00541nam a2200205 4500
999 _c232
_d232
003 OSt
005 20210414155839.0
008 140716b xxu||||| |||| 00| 0 eng d
020 _a9780340810248
040 _c040a
082 _aQZ4 M896d 2008
100 _aEdited by David, A.Levison; [et..al]
_914101
245 _aMuir's Textbook of pathology
250 _a14th.ed.
260 _aUnited Kingdom
_bBookPower
_c2008
300 _ax, 570p ;
_bcol.ill:
_c26cm .
504 _aincludes index
650 _aPathology
_937
942 _2z
_cB_BANK